Platón (Registro nro. 112273)

Detalles MARC
000 -LEADER
campo de control de longitud fija 00903nam a2200241 4500
001 - NÚMERO DE CONTROL
campo de control 112273
003 - IDENTIFICADOR DE NÚMERO DE CONTROL
campo de control ES-MaACL
005 - FECHA Y HORA DE LA ÚLTIMA TRANSACCIÓN
campo de control 20250828080954.0
007 - CAMPO FIJO DE DESCRIPCIÓN FÍSICA--INFORMACIÓN GENERAL
campo de control de longitud fija t|
008 - DATOS DE LONGITUD FIJA--INFORMACIÓN GENERAL
campo de control de longitud fija 061121s1981 sp r ||||1| spa d
020 ## - NÚMERO INTERNACIONAL ESTÁNDAR DEL LIBRO
Número Internacional Estándar del Libro 84-7481-126-0
100 1# - ENTRADA PRINCIPAL--NOMBRE DE PERSONA
Nombre de persona Ortega Esteban, José.
9 (RLIN) 87452
245 10 - MENCIÓN DEL TÍTULO
Título Platón
Resto del título : eros, política y educación /
Mención de responsabilidad, etc. José Ortega Esteban ; prólogo de Alfonso Ortega Carmona.
260 ## - PUBLICACIÓN, DISTRIBUCIÓN, ETC.
Lugar de publicación, distribución, etc. Salamanca :
Nombre del editor, distribuidor, etc. Universidad, Instituto de Ciencias de la Educación,
Fecha de publicación, distribución, etc. 1981.
300 ## - DESCRIPCIÓN FÍSICA
Extensión 227 p. ;
Dimensiones 22 cm.
490 1# - MENCIÓN DE SERIE
Mención de serie Ciencias de la educación (Universidad de Salamanca)
Designación de volumen o secuencia 8
RLIN 241994
700 1# - ENTRADA AGREGADA--NOMBRE PERSONAL
Nombre de persona Ortega Carmona, Alfonso.
9 (RLIN) 87446
710 2# - ENTRADA AGREGADA--NOMBRE DE ENTIDAD CORPORATIVA
Nombre de entidad corporativa o nombre de jurisdicción como elemento de entrada Universidad de Salamanca.
Unidad subordinada Instituto de Ciencias de la Educación
9 (RLIN) 4834
830 #0 - PUNTO DE ACCESO ADICIONAL DE SERIE-TÍTULO UNIFORME
Título uniforme Ciencias de la educación (Universidad de Salamanca)
Designación de volumen o secuencia 8
9 (RLIN) 241994
852 ## - LOCALIZACIÓN
Ubicación ES-MaACL
Número de control de estantería G-81
942 ## - ELEMENTOS DE ENTRADA SECUNDARIOS (KOHA)
Fuente del sistema de clasificación o colocación Clasificación decimal universal
Existencias
Estatus retirado Estado de pérdida Estado de daño No para préstamo Biblioteca de origen Biblioteca actual Ubicación en estantería Fecha de adquisición Fuente de adquisición Total de préstamos Signatura topográfica completa Código de barras Visto por última vez Precio de reemplazo Tipo de ítem Koha
        Biblioteca del Ateneo de Madrid Biblioteca del Ateneo de Madrid Depósito 2 17/01/2008     G-81 1117116 23/02/2023 23/02/2023 Libro impreso